Vplyv podnikania rodičov, skúseností a kognitívnych skreslení na hodnotenie podnikateľskej príležitosti
Saved in:
| Main Author: | |
|---|---|
| Other Authors: | , |
| Format: | Book |
| Language: | Slovak |
| Published: |
Bratislava
Ústav experimentálnej psychológie, Centrum spoločenských a psychologických vied SAV
2019
|
| Edition: | 1. vydanie |
| Subjects: | |
| Tags: |
No Tags, Be the first to tag this record!
|
MARC
| LEADER | 00000nam a2200000 4500 | ||
|---|---|---|---|
| 001 | 0271729 | ||
| 005 | 20240502074303.5 | ||
| 020 | |a 978-80-89524-42-6 | ||
| 041 | 0 | |a slo | |
| 044 | |a SK | ||
| 245 | 1 | 0 | |a Vplyv podnikania rodičov, skúseností a kognitívnych skreslení na hodnotenie podnikateľskej príležitosti |c Róbert Hanák ; recenzenti: Štefan Slávik, Marián Holienka |
| 250 | |a 1. vydanie | ||
| 264 | 1 | |a Bratislava |b Ústav experimentálnej psychológie, Centrum spoločenských a psychologických vied SAV |c 2019 | |
| 300 | |a 96 s. [6,6 AH] | ||
| 610 | 2 | 0 | |a podnikanie |
| 610 | 2 | 0 | |a podnikanie rodinné |
| 610 | 2 | 0 | |a psychológia podniková |
| 610 | 2 | 0 | |a muži |
| 610 | 2 | 0 | |a ženy |
| 610 | 2 | 0 | |a absolventi |
| 610 | 2 | 0 | |a výskum |
| 100 | 1 | |a Hanák, Róbert, 1979- | |
| 700 | 1 | |a Slávik, Štefan, 1955- | |
| 700 | 1 | |a Holienka, Marián | |